Atlas géographique et physique du royaume de la nouvelle spagne (Record no. 8343)

MARC details
000 -CABECERA
campo de control de longitud fija 00958nam a2200265 a 4500
001 - NÚMERO DE CONTROL
campo de control BRCA_8688
005 - FECHA Y HORA DE LA ÚLTIMA TRANSACCIÓN
campo de control 20190320210352.0
008 - DATOS DE LONGITUD FIJA--INFORMACIÓN GENERAL
campo de control de longitud fija 081216s1812----fr-b######---#000-0#fre-#
041 ## - CÓDIGO DE LENGUA
Código de lengua del texto/banda sonora o título independiente fre
044 ## - CÓDIGO DEL PAÍS DE LA ENTIDAD EDITORA/PRODUCTORA
Código MARC del país fr
050 #4 - SIGNATURA TOPOGRÁFICA DE LA BIBLIOTECA DEL CONGRESO
Número de clasificación Q115
Número de documento/Ítem .H86
-- 1812
100 1# - ENTRADA PRINCIPAL--NOMBRE DE PERSONA
Nombre de persona Humboldt, Alexander de
9 (RLIN) 21661
245 10 - MENCIÓN DE TÍTULO
Título Atlas géographique et physique du royaume de la nouvelle spagne
Resto del título fondé sur des observations astronomiques des masures trigonométriques et des nivellemens barométriques
Mención de responsabilidad, etc. Alexander de Humboldt.
260 ## - PUBLICACIÓN, DISTRIBUCIÓN, ETC.
Lugar de publicación, distribución, etc. París
Nombre del editor, distribuidor, etc. J. H. Stône
Fecha de publicación, distribución, etc. 1812
300 ## - DESCRIPCIÓN FÍSICA
Extensión 1 vol. (sin paginación)
Otras características físicas Mapas
Dimensiones 59 cm
500 ## - NOTA GENERAL
Nota general Fondo antiguo
500 ## - NOTA GENERAL
Nota general Se encuentra en Caja Fuerte
500 ## - NOTA GENERAL
Nota general W-15/B-85/R-23
500 ## - NOTA GENERAL
Nota general Con ex libris de: O´reilly, Havre
500 ## - NOTA GENERAL
Nota general Contiene 20 mapas
506 0# - NOTA DE RESTRICCIONES AL ACCESO
Limitaciones de acceso Fondo reservado: para su consulta es necesario credencial de usuario y carta de motivos
650 14 - PUNTO DE ACCESO ADICIONAL DE MATERIA--TÉRMINO DE MATERIA
Término de materia o nombre geográfico como elemento de entrada Mapas
Subdivisión geográfica México
9 (RLIN) 200
902 ## - CATALOGADOR
Iniciales LAR
942 ## - ELEMENTOS DE PUNTO DE ACCESO ADICIONAL (KOHA)
Fuente del sistema de clasificación o colocación Library of Congress Classification
Tipo de ítem Koha Libros
Holdings
Estado de retiro Estado de pérdida Estado dañado No para préstamo Localización permanente Ubicación/localización actual Fecha de adquisición Total de préstamos Signatura topográfica completa Código de barras Fecha visto por última vez Precio válido a partir de Tipo de ítem Koha
El ejemplar forma parte de la colección y puede ser consultado según las políticas vigentes.       Biblioteca del Museo Franz Mayer (Rogerio Casas-Alatriste) Biblioteca del Museo Franz Mayer (Rogerio Casas-Alatriste) 08/12/2016   Q115 .H86 1812 LAR00183 22/03/2019 22/03/2019 Libros